Rámec spolupráce Medzinárodného menového fondu, Svetovej banky a Svetovej obchodnej organizácie
Základy inštitucionalizácie. Ciele medzinárodných ekonomických inštitúcií. Neúspech vzniku Medzinárodnej organizácie pre obchod. Nárast potreby spolupráce. Dotvorenie inštitucionálneho rámca. Spolupráca IMF, IBRD a WTO.
Guardado en:
| Autor principal: | |
|---|---|
| Formato: | Capítulo de libro |
| Lenguaje: | eslovaco |
| Materias: | |
| Etiquetas: |
Sin Etiquetas, Sea el primero en etiquetar este registro!
|
MARC
| LEADER | 00000naa$a2200000$$$4500 | ||
|---|---|---|---|
| 001 | 0065611 | ||
| 005 | 20220927121945.7 | ||
| 041 | 0 | |a slo | |
| 044 | |a SK | ||
| 245 | 1 | 0 | |a Rámec spolupráce Medzinárodného menového fondu, Svetovej banky a Svetovej obchodnej organizácie |c Radoslav Jusko |
| 520 | |a Základy inštitucionalizácie. Ciele medzinárodných ekonomických inštitúcií. Neúspech vzniku Medzinárodnej organizácie pre obchod. Nárast potreby spolupráce. Dotvorenie inštitucionálneho rámca. Spolupráca IMF, IBRD a WTO. | ||
| 610 | 2 | 0 | |a vzťahy medzinárodné |
| 610 | 2 | 0 | |a spolupráca hospodárska medzinárodná |
| 610 | 2 | 0 | |a Medzinárodný menový fond |
| 610 | 2 | 0 | |a Svetová banka |
| 610 | 2 | 0 | |a Svetová obchodná organizácia |
| 100 | 1 | |a Jusko, Radoslav | |